Countries with the Highest Percentage of Elderly People - Statistics

General Stats
  • This quiz has been taken 198 times
  • The average score is 14 of 20
Answer Stats
% Country % Correct
26.6 Japan
94%
21.5 Germany
87%
20.0 Sweden
84%
21.2 Italy
83%
20.2 Finland
78%
18.7 Denmark
75%
18.7 France
75%
18.9 Austria
71%
18.9 Portugal
71%
20.5 Greece
68%
30.4 Monaco
68%
18.2 Belgium
67%
18.2 Hungary
58%
19.0 Latvia
56%
19.2 Lithuania
56%
19.1 San Marino
56%
18.4 Slovenia
56%
19.1 Estonia
55%
18.7 Bulgaria
50%
18.5 Malta
45%
No matching quizzes found
Score Distribution
Percent of People with Each Score
Percentile by Number Answered
Your Score History
You have not taken this quiz